Which is not a city in that Country - Statistics

General Stats
  • This quiz has been taken 79 times
  • The average score is 13 of 16
Answer Stats
Question Answer % Correct
Which of the following is not located in Australia? Auckland
100%
Which of the following is not located in Iran? Hafar Al Batin
100%
Which of the following is not located in China? Taoyuan
100%
Which of the following is not located in Fiji? Agadez
89%
Which of the following is not located in the United Kingdom? Limerick
89%
Which of the following is not located in India? Phuket
89%
Which of the following is not located in Spain? Porto
89%
Which of the following is not located in Egypt? Benghazi
78%
Which of the following is not located in Russia? Kaunas
78%
Which of the following is not located in South Africa? Maseru
78%
Which of the following is not located in Liechtenstein? Rankweil
78%
Which of the following is not located in Canada? Spokane
78%
Which of the following is not located in Germany? Strasbourg
78%
Which of the following is not located in Romania? Novi Sad
67%
Which of the following is not located in Somalia? Taizz
67%
Which of the following is not located in Nigeria? Douala
56%
No matching quizzes found
Score Distribution
Percent of People with Each Score
Percentile by Number Answered
Your Score History
You have not taken this quiz